Регионална библиотека "Любен Каравелов" - Русе

Селин Дион (Запис номер 519526)

MARC детайли
000 -Лидер
Лидер 01041nam a2200277 a 4500
003 - Код на организацията, давaща контролен номер
Код на организацията, даваща контролен номер BLK
005 - Дата и час на последна редакция
Дата и час на последна редакция 20250705114159.0
007 - Фиксирано поле за физическо описани
Физическо описание ta
008 - Елементи от данни с фиксирана дължина
Елементи с фиксирана дължина 221104b bu |||||r|||| 00| | bu d
020 ## - Международен стандартен номер на книга ISBN
ISBN 9786191646340
040 ## - Източник на каталожния запис
Код на библиотеката BLK
041 ## - Код за език
Език Български
Език за КДБФ Български
080 ## - УДК
9 (RLIN) 233261
УДК текст Канадска литература на френски език
УДК код 821.133.1(71)
УДК – определител -9
УДК – код + определител 821.133.1(71)-9
084 ## - Класификационен индекс по друга класификация
Авторски знак Реи - Р 48
100 ## - Редна дума - Автор
R(LIN) 495442
Автор Рейно, Елизабет
245 ## - Сведения за заглавието
Заглавие Селин Дион
Подзаглавни данни Силата на любовта
Авторска отговорност Елизабет Рейно ; прев. от фр. Силвия Колева
260 ## - Област на издателските данни
9 (RLIN) 215899
Място на издаване София
Име на издателя Enthusiast
Година на издаване 2024
300 ## - Физическа характеристика
Брой страници 336 с.
Размер 23 см
380 ## - Жанр
Жанр Худож. лит.
500 ## - Общи забележки
Обща забележка Ориг. загл.: Celine Dion : Le pouvoir de l'amour / Elisabeth Reynaud
700 ## - Други автори (авторска отговорност)
9 (RLIN) 283986
Друг автор Колева, Силвия Николай
Авт. отговорност на др. автор прев. от фр.
852 ## - Местоположение
Сигнатура (форматна) 821-9/Р 48 Е
Отдел Заемна - подръчен фонд
856 ## - Електронен адрес и достъп
Инструкция (цена за достъп) 0.00
Права за достъп disable
942 ## - АРТИКУЛИ
Вид на библиотечния документ Книги
Скрит в OPAC Не
Koha issues (borrowed), all copies 6
944 ## - СЪЗДАВАНЕ И РЕДАКЦИЯ на ЗАПИСА
Дата на регистрацията/редакция Кети Илиева
Служител, извършил регистрацията/редакцията 30530
Номер на служител Минев Младен
999 ## - СИСТЕМНИ КОНТРОЛНИ НОМЕРА
Koha biblionumber 519526
Koha biblioitemnumber 519526
Наличности
Код за отписване Код за изгубен артикул Източник на класификационната схема Код за повреда Код за отдаване Артикулен № Име на библиотеката - собственик Име на библиотеката, в която се намира в момента Статус (Текущо местоположение) Дата на вписване в системата Местоположение - отдел Цена в лева Инвентарен номер Систематично азбучна сигнатура Баркод Цена в евро Служебен тип на артикула
  Не е изгубен Universal Decimal Classification Не е повреден заемане за дома 952210 Регионална библиотека "Любен Каравелов" Русе Регионална библиотека "Любен Каравелов" Русе Заемна - подръчен фонд 2024-10-16 Заемна - подръчен фонд 19.60 120000914063 821-9/Р 48 Е 120000914063 10.02 Книги
Vip Innovations Ltd, Rousse, Bulgaria 2025